00274pam a2200109 a 4500020000500000041000500005082002800010100002000038245005300058260004200111300001100153 c h a658.29999999999995bMCC aMcconnell, J.V. aUnderstanding Human BehaviourhTextual Documents aNavi MumbaibC B S College Publishing a738/PB